000 00496nam a2200157 i 4500
001 142919
003 ES-MaACL
005 20230906200648.0
007 t|
008 071010s1974 sp ||||1| spa d
100 1 _aVicente Gella, Fausto.
_9114356
245 1 3 _aEl abogado visto por dentro
_b: conferencia... el 15 de diciembre de 1973 /
_cFausto Vicente Gella.
260 _aMadrid :
_b[s.n.],
_c1974 (
_fGráf. Unión)
300 _a15 p. ;
_c25 cm.
852 _aES-MaACL
_j2069-F-23
_bR.92008
999 _c142919
_d142919